Хумор, сатира и публицистика (Запис номер 190492)
[ съкратено ]
| 000 -Лидер | |
|---|---|
| Контролно поле с фиксирана дължина | 01465nam a2200313 a 4500 |
| 003 - Код на организацията, давaща контролен номер | |
| Контролно поле | BLK |
| 005 - Дата и час на последна редакция | |
| Контролно поле | 20240731005408.0 |
| 008 - Елементи от данни с фиксирана дължина | |
| fixed length control field | 180411b bul|||||r ||||||| ||bul|| |
| 010 ## - Наследен системен номер | |
| LC control number | KNG00199636000 |
| 040 ## - Източник на каталожния запис | |
| Идентификатор на билиотеката - собственик на записа | BLK |
| 041 ## - Код за език | |
| Код за езика на текст/звукозапис или на отделно заглавие | Български |
| Код за езика КДБФ | Български |
| 080 ## - УДК | |
| Текстов определител УДК | Българска литература |
| УДК код - определител по УДК | 821.163.2 |
| УДК определител | -8 |
| УДК - код + определител | 821.163.2-8 |
| 100 1# - Редна дума - Автор | |
| Автор | Славейков, Петко Рачов |
| Дати, свързани с автора | 1827-1895 |
| Автор - информация (биография) | Виден възрожд. деец, участник в борбата за църк. освобожд., просветител, писател, поет, публицист, фолклорист, политик |
| Авторска отговорност | първи автор |
| R(LIN) | 121105 |
| 139 ## - Редно поле | |
| Редна дума | Славейков, Петко Рачов |
| Авторски знак | Славе - С 42 |
| 245 10 - Сведения за заглавието | |
| Заглавие | Хумор, сатира и публицистика |
| Редно поле (дума) | Петко Рачов Славейков; предг., състав. и прил. Кирил Топалов. |
| 257 ## - Страна на издаване | |
| Страна на създаване/издаване | България |
| 260 ## - Област на издателските данни | |
| Място на издаване, разпространение и проч. | Велико Търново |
| Име на издателя, разпространителя и проч. | Слово |
| Година на издаване | 1992 |
| 300 ## - Физическа характеристика | |
| Страници | 120 с. |
| Размери/Мащаб | 20 см |
| 380 ## - Жанр | |
| Жанр | Худож. лит. |
| 490 ## - СЕРИИ (Колекции) | |
| Име на серия | Малка ученическа библиотека |
| 9 (RLIN) | 201165 |
| 700 1# - Други автори (авторска отговорност) | |
| Лично име | Топалов, Кирил |
| Автороска отговорност (Описва отношението между автора и произведението) | предг., състав. и прил. |
| 9 (RLIN) | 365854 |
| 852 ## - Местоположение | |
| Форматна сигнатура | Цб 172663 |
| Фондова буква | Хранилище |
| 856 4# - Електронен адрес и достъп | |
| Електронен формат | pdf - файл |
| Инструкция (цена за достъп) | 0.00 |
| Права за достъп | disable |
| 856 4# - Електронен адрес и достъп | |
| Електронен формат | pdf - файл |
| Инструкция (цена за достъп) | 0.00 |
| Права за достъп | disable |
| 999 ## - СИСТЕМНИ КОНТРОЛНИ НОМЕРА | |
| Koha biblionumber | 190492 |
| Koha biblioitemnumber | 190492 |
| 942 ## - АРТИКУЛИ | |
| Вид на библиотечния материал | Книги |
| Скрит в OPAC | Не |
| Периодичен библиозапис | Да |
| 944 ## - СЪЗДАВАНЕ И РЕДАКЦИЯ на ЗАПИСА | |
| Създаване/Редакция | Създаване |
| Дата на регистрацията/редакция | 02.02.2017 |
| Служител, извършил регистрацията/редакцията | |
| Статус, дата на статуса | CRON CRON |
| 944 ## - СЪЗДАВАНЕ И РЕДАКЦИЯ на ЗАПИСА | |
| Създаване/Редакция | Редакция |
| Дата на регистрацията/редакция | 02.02.2017 |
| Служител, извършил регистрацията/редакцията | Наталия_Любомирова |
| 999 ## - СИСТЕМНИ КОНТРОЛНИ НОМЕРА | |
| Koha biblioitemnumber | 190492 |
| Код за отписване | Код за изгубен артикул | Източник на класификационната схема | Код за повреда | Коз за рестрикции | Код за отдаване | Артикулен № | Име на библиотеката - собственик | Име на библиотеката, в която се намира в момента | Статус (Текущо местоположение) | Дата на вписване в системата | Местоположение - отдел | Цена в лева | Инвентарен номер | Систематично азбучна сигнатура | Баркод | Номер на екземпляра | Цена в евро | Служебна бележка | Служебен тип на артикула |
|---|---|---|---|---|---|---|---|---|---|---|---|---|---|---|---|---|---|---|---|
| Не е изгубен | Universal Decimal Classification | Не е повреден | без рестрикции | ползва се в читалня | 335093 | Регионална библиотека "Любен Каравелов" Русе | Регионална библиотека "Любен Каравелов" Русе | Хранилище | 1992-01-01 | Хранилище | 0.26 | 577291 | Цб 172663 | 120000577291 | 1 | 0.13 | N: стар фонд Дата: 01.01.1992 | Книги | |
| Не е изгубен | Universal Decimal Classification | Не е повреден | без рестрикции | заемане за дома | 335094 | Регионална библиотека "Любен Каравелов" Русе | Регионална библиотека "Любен Каравелов" Русе | Заемна - подръчен фонд | 1992-01-01 | Заемна - подръчен фонд | 0.15 | 605606 | П 886.7-8/С 42 | 120000605606 | 2 | 0.08 | N: стар фонд Дата: 01.01.1992 Дата инв: 12.02.2018 Бележки инв: П2018 | Книги | |
| Не е изгубен | Universal Decimal Classification | Не е повреден | без рестрикции | заемане за дома | 335095 | Регионална библиотека "Любен Каравелов" Русе | Регионална библиотека "Любен Каравелов" Русе | Заемна - подръчен фонд | 1992-01-01 | Заемна - подръчен фонд | 0.15 | 605607 | П 886.7-8/С 42 | 120000605607 | 3 | 0.08 | N: стар фонд Дата: 01.01.1992 Дата инв: 12.02.2018 Бележки инв: П2018 | Книги |